| 000 | 00408nam a2200181Ia 4500 | ||
|---|---|---|---|
| 003 | 0STCL | ||
| 008 | 150530s9999 xx 000 0 und d | ||
| 040 |
_aSTCL _cSTCL |
||
| 100 | _aSatheesh Kacherikadavu | ||
| 245 | _aKanneermazha | ||
| 250 | _a1 | ||
| 260 |
_bC.I.C.C. Book House; Cochin _c2005 |
||
| 300 | _a0 | ||
| 546 | _aMalayalam | ||
| 942 |
_2ddc _cBK |
||
| 999 |
_c75188 _d75188 |
||
| 005 | 20220125171603.0 | ||